000 01038nab a22002057a 4500
999 _c5282
_d5282
003 OSt
005 20250213130126.0
008 190604e xxu||||| |||| 00| 0 spa d
040 _cPJ
100 _96343
_aGabrielli, Enrico
245 1 3 _aEl negocio jurídico en el tiempo presente /
_cEnrico Gabrielli.
260 _aCiudad Autónoma de Buenos Aires :
_bThomson Reuters La Ley,
_c2025.
300 _ap. 16-24
500 _aCita Online: LA LEY AR/DOC/131/2024.
505 _aSumario: I. Historia y dogma del negocio jurídico.— II. El negocio jurídico como "acto de autonomía privada".— III. Las críticas y la utilidad persistente de la categoría del negocio jurídico.— IV. El negocio jurídico y una mirada al futuro.
505 _t¿Te interesa el texto completo? Solicitalo al correo: koha@justierradelfuego.gov.ar
650 _aDERECHO
773 0 _02714
_93171
_dCiudad Autónoma de Buenos Aires : Thomson Reuters La Ley, 2014-
_tRevista anales de legislación argentina. Nº 2 - Febrero 2025.
942 _2udc
_cANA